000 00310nam a22001337a 4500
008 181023b xxu||||| |||| 00| 0 eng d
020 _a2740340515373
041 _aeng
080 _a159.9
100 _a49
101 _aPSI
245 _aIssues and Ethics in Helping Professions
_cCorey, G
942 _2udc
_cBK
999 _c50625
_d50625